Turan Güneş'in siyasal kavgaları (Record no. 8622)

MARC details
000 -BAŞLIK
Sabit Uzunlukta Kontrol Alanı 00751na a2200265 4500
001 - KONTROL NUMARASI
Denetim Alanı 21498
003 - KONTROL NUMARASI IDENTIFIER
Denetim Alanı MIRAKIL
005 - SON İŞLEM TARİHİ VE ZAMANI
Denetim Alanı 20181213155218.0
008 - SABİT-BOY VERİ ELEMANLARI - GENEL BİLGİLER
Sabit Uzunlukta Kontrol Alanı 170205b tu 000 0
020 ## - ULUSLARARASI STANDART KİTAP NUMARASI
Uluslararası Standart Kitap Numarası 9756051300395
040 ## - KATALOGLAMA KAYNAK
Orijinal Kataloglama Ajansı Milas
Kataloglama Dili tur
Metne Dönüştürmek Ajansı TR-AnCHP
041 ## - DİL KODU
Metin / Ses Parça Veya Ayrı Başlığın Dil Kodu tur
082 ## - DEWEY ONLU SINIFLANDIRMA NUMARASI
Sınıflandırma Numarası CHP 324.2171
Ürün Numarası S55t 2009
090 ## - SINIFLAMA NUMARASI
Sınıflama Numarası CHP 324.2171 S55t 2009
100 ## - ANA GİRİŞ - KİŞİSEL İSİM
Kişisel Ad Simav, Akın
Bir Adıyla İlişkilendirilen Tarihler 1939-1988
245 ## - BAŞLIK TABLOSU
Başlık Turan Güneş'in siyasal kavgaları
Sorumluluk Tablosu, Vb Akın Simav
250 ## - EDITION TABLOSU
Baskı Beyanı 2. bs.
260 ## - YAYIN, DAĞITIM, VB
Yayın, Dağıtım, Vb Yeri İstanbul
Yayıncı, Dağıtıcı, Vs Adı Agora kitaplığı
Yayın, Dağıtım, Vb Tarihi 2009
300 ## - FİZİKSEL TANIM
Kapsam 278 s.
Diğer Fiziksel Ayrıntıları fotg.
Boyutlar 24 sm.
490 ## - SERİSİ TABLOSU
Seri Beyanı Agora kitaplığı
Hacim / Ardışık Tanımı 248
490 ## - SERİSİ TABLOSU
Seri Beyanı Anı-Anlatı
Hacim / Ardışık Tanımı 9
600 ## - KONU KATMA GİRİŞ - KURUMSAL ADI
Kişisel Ad Güneş, Turan
Form Alt Başlık Anılar
651 ## - KONU KATMA GİRİŞ - COĞRAFİ ADI
Coğrafi İsim Türkiye
Form Alt Bölümü Siyaset ve yönetim
Kronolojik Alt Bölümü 1954-1982
942 ## - EKLENDİ GİRİŞ ELEMANLARI (KOHA)
Sınıflandırma Veya Raf Düzeni Kaynak
Koha Öğesi Türü Books
999 ## - SİSTEM KONTROL NUMARALARI (KOHA)
Koha Biblionumber 8622
Koha Biblioitemnumber 8622
Holdings
Kalıcı Konum Mevcut Konum Edinme Tarihi Edinim Kaynak Toplam Check-Out'Lar Tam Çağrı Numarası Barkod Tarih Son Görülme İtibaren Geçerli Fiyatlar Koha Öğesi Türü
CHP Kütüphanesi CHP Kütüphanesi 02/05/2017 Bağış   CHP 324.2171 S55t 2009 015534 02/05/2017 02/05/2017 Books